<?xml version="1.0" encoding="UTF-8"?>
<record
    xmlns:xsi="http://www.w3.org/2001/XMLSchema-instance"
    xsi:schemaLocation="http://www.loc.gov/MARC21/slim http://www.loc.gov/standards/marcxml/schema/MARC21slim.xsd"
    xmlns="http://www.loc.gov/MARC21/slim">

  <leader>04386nam a22004458i 4500</leader>
  <controlfield tag="001">BRILL9789004527928</controlfield>
  <controlfield tag="003">nllekb</controlfield>
  <controlfield tag="005">20260415153942.0</controlfield>
  <controlfield tag="006">m        d        </controlfield>
  <controlfield tag="007">cr un    uuuua</controlfield>
  <controlfield tag="008">230131s2023    gw      sb    001 0 eng d</controlfield>
  <datafield tag="010" ind1=" " ind2=" ">
    <subfield code="a">  2022040952</subfield>
  </datafield>
  <datafield tag="020" ind1=" " ind2=" ">
    <subfield code="a">9789004525481</subfield>
    <subfield code="q">(print)</subfield>
  </datafield>
  <datafield tag="020" ind1=" " ind2=" ">
    <subfield code="a">9789004527928</subfield>
    <subfield code="q">(electronic book)</subfield>
  </datafield>
  <datafield tag="024" ind1="7" ind2=" ">
    <subfield code="a">10.1163/9789004527928</subfield>
    <subfield code="2">DOI</subfield>
  </datafield>
  <datafield tag="035" ind1=" " ind2=" ">
    <subfield code="a">(OCoLC)1356007214</subfield>
  </datafield>
  <datafield tag="040" ind1=" " ind2=" ">
    <subfield code="a">NL-LeKB</subfield>
    <subfield code="c">NL-LeKB</subfield>
    <subfield code="e">rda</subfield>
  </datafield>
  <datafield tag="041" ind1=" " ind2=" ">
    <subfield code="a">eng</subfield>
  </datafield>
  <datafield tag="050" ind1=" " ind2="4">
    <subfield code="a">HN980</subfield>
  </datafield>
  <datafield tag="072" ind1=" " ind2="7">
    <subfield code="a">HBG</subfield>
    <subfield code="2">bicssc</subfield>
  </datafield>
  <datafield tag="072" ind1=" " ind2="7">
    <subfield code="a">HIS</subfield>
    <subfield code="x">037000</subfield>
    <subfield code="2">bisacsh</subfield>
  </datafield>
  <datafield tag="082" ind1="0" ind2="4">
    <subfield code="a">306.09172</subfield>
    <subfield code="2">23</subfield>
  </datafield>
  <datafield tag="245" ind1="1" ind2="0">
    <subfield code="a">Global Power and Local Struggles in Developing Countries :</subfield>
    <subfield code="b">Contemporary Perspectives On: Europe and the People without History, by Eric R. Wolf at 40 /</subfield>
    <subfield code="c">edited by Paul Stacey.</subfield>
  </datafield>
  <datafield tag="300" ind1=" " ind2=" ">
    <subfield code="a">1 online resource</subfield>
  </datafield>
  <datafield tag="490" ind1="1" ind2=" ">
    <subfield code="a">Social Sciences E-Books Online, Collection 2023</subfield>
  </datafield>
  <datafield tag="490" ind1="1" ind2=" ">
    <subfield code="a">Studies in Global Social History ;</subfield>
    <subfield code="v">47/2</subfield>
  </datafield>
  <datafield tag="504" ind1=" " ind2=" ">
    <subfield code="a">Includes bibliographical references and index.</subfield>
  </datafield>
  <datafield tag="505" ind1="0" ind2=" ">
    <subfield code="t">Preliminary Material /</subfield>
    <subfield code="r">Editor: Paul Stacey -- Copyright Page /</subfield>
    <subfield code="r">Editor: Paul Stacey -- Preface and Acknowledgements /</subfield>
    <subfield code="r">Editor: Paul Stacey -- Notes on Contributors /</subfield>
    <subfield code="r">Editor: Paul Stacey -- Chapter 1 Global Power and Local Struggles in Developing Countries: An Introduction /</subfield>
    <subfield code="r">Paul Stacey -- Chapter 2 Commodifying the Countermovement: How Foreign Funding Turns Haitian Social Movements into Commodities /</subfield>
    <subfield code="r">Joshua Steckley , Nixon Boumba , and Marylynn Steckley -- Chapter 3 A Brief History of Workers on the Move: Power in Puerto Rican Farm Labour Migration /</subfield>
    <subfield code="r">Ismael Garc&#xED;a Col&#xF3;n -- Chapter 4 Masking the Past, Legitimizing the Present: State-Making and Precariatization in the Agro-Industrial Landscape, Colombia /</subfield>
    <subfield code="r">Inge-Merete Hougaard -- Chapter 5 A Political Ecology of Fetishism in Brazil's 'Discovery Coast' Crisis, Socio-environmental Hybridization, and Historical Amnesia on the Frontiers of Global Liberalism /</subfield>
    <subfield code="r">Gustavo S. Azenha -- Chapter 6 Europe and the People without Class: The Example of Ghana /</subfield>
    <subfield code="r">Ioannis Kyriakakis -- Chapter 7 Impossible Histories, Power, and Exclusion in the Gold Coast and Ghana 1930-2020 /</subfield>
    <subfield code="r">Paul Stacey -- Chapter 8 Persistent Connections and Exclusions in Mozambique: From Colonial Anxieties to Contemporary Discourses about the Environment /</subfield>
    <subfield code="r">Raquel Rodrigues Machaqueiro -- Chapter 9 Chinese Indonesian Identity at Work: Political Exclusion and Division of Labour in Indonesia /</subfield>
    <subfield code="r">Tirza van Bruggen -- Chapter 10 Global Competition and Local Advantages: The Agency of Samoan Factory Youth in an Untold History of the Automotive Supply Chain /</subfield>
    <subfield code="r">Masami Tsujita -- Index /</subfield>
    <subfield code="r">Editor: Paul Stacey.</subfield>
  </datafield>
  <datafield tag="520" ind1=" " ind2=" ">
    <subfield code="a">The volume challenges dominant narratives of progress with a rich range of investigations of local struggles from the Global south which are based on original ethnographic research. The chapters take a point of departure in ideas and concepts developed by the pioneering anthropologist Eric R. Wolf in 'Europe and the People Without History', and emphasize the relevance and usefulness of applying Wolf to contemporary contexts. As such, the collection contributes to knowledge of dynamic relationships between local agency in the Global south, and broader political and economic processes that make 'people without history.' This shows global power as both excluding local groups at the same time as conditioning local struggles and the forms that social organization takes. Contributors are: Paul Stacey, Joshua Steckley, Nixon Boumba, Marylynn Steckley, Ismael Garc&#xED;a Col&#xF3;n, Inge-Merete Hougaard, Gustavo S. Azenha, Ioannis Kyriakakis, Raquel Rodrigues Machaqueiro, Tirza van Bruggen, and Masami Tsujita.</subfield>
  </datafield>
  <datafield tag="546" ind1=" " ind2=" ">
    <subfield code="a">English</subfield>
  </datafield>
  <datafield tag="650" ind1=" " ind2="0">
    <subfield code="a">Influence (Literary, artistic, etc.)</subfield>
  </datafield>
  <datafield tag="650" ind1=" " ind2="0">
    <subfield code="a">Social conditions.</subfield>
  </datafield>
  <datafield tag="650" ind1=" " ind2="0">
    <subfield code="a">Social movements</subfield>
    <subfield code="x">Developing countries.</subfield>
  </datafield>
  <datafield tag="700" ind1="1" ind2=" ">
    <subfield code="a">Stacey, Paul,</subfield>
    <subfield code="e">editor.</subfield>
  </datafield>
  <datafield tag="776" ind1="0" ind2="8">
    <subfield code="i">Print version:</subfield>
    <subfield code="t">Global Power and Local Struggles in Developing Countries : Contemporary Perspectives On: Europe and the People without History, by Eric R. Wolf at 40.</subfield>
    <subfield code="d">Leiden ; Boston : Brill, 2023.</subfield>
    <subfield code="z">9789004525481</subfield>
    <subfield code="w">(DLC)  2022040951</subfield>
    <subfield code="w">(OCoLC)1350966333</subfield>
  </datafield>
  <datafield tag="830" ind1=" " ind2="0">
    <subfield code="a">Social Sciences E-Books Online, Collection 2023.</subfield>
  </datafield>
  <datafield tag="830" ind1=" " ind2="0">
    <subfield code="a">Studies in Global Social History ;</subfield>
    <subfield code="v">47/2.</subfield>
  </datafield>
  <datafield tag="856" ind1="4" ind2=" ">
    <subfield code="u">http://dx.doi.org/10.1163/9789004527928</subfield>
  </datafield>
  <datafield tag="942" ind1=" " ind2=" ">
    <subfield code="2">ddc</subfield>
    <subfield code="c">E-BOOK</subfield>
  </datafield>
  <datafield tag="999" ind1=" " ind2=" ">
    <subfield code="c">49363</subfield>
    <subfield code="d">49363</subfield>
  </datafield>
  <datafield tag="952" ind1=" " ind2=" ">
    <subfield code="r">2026-04-15 11:21:00</subfield>
    <subfield code="l">0</subfield>
    <subfield code="o">306.09172</subfield>
    <subfield code="p">EB04528</subfield>
    <subfield code="u">https://doi.org/10.1163/9789004527928</subfield>
    <subfield code="w">2026-04-15</subfield>
    <subfield code="y">E-BOOK</subfield>
    <subfield code="1">0</subfield>
    <subfield code="2">ddc</subfield>
    <subfield code="4">0</subfield>
    <subfield code="7">0</subfield>
    <subfield code="0">0</subfield>
    <subfield code="a">CUTN</subfield>
    <subfield code="b">CUTN</subfield>
    <subfield code="d">2026-04-15</subfield>
  </datafield>
</record>
